000 00513nam a2200169 a 4500
001 000027637
005 20200930031000.0
008 110404s1986 dr 000 0 spa d
040 _aDO-SdBNP
_bspa
_cBNPHU
082 _axxxx
_bC183d
100 1 _aCamilo González, Antonio
_954729
245 1 0 _aDocumentos de Baní /
_cAntonio Camilo González.
260 _aBaní, República Dominicana :
_bEditora Andujar,
_c1986.
300 _a157 p. ;
_c21 cm.
500 _aLa biblioteca posee el volumen 1
049 _aBNPD
999 _c27129
_d27129